Score 0/16 Timer 01:00
0 Plays Today
% Correct
red
96.9%
wheel
96.1%
barrow
94.2%
the
89.6%
a
83.7%
so
57.7%
depends
53.4%
much
52.9%
% Correct
rain
50.5%
upon
49%
chickens
48.7%
white
47.6%
with
45.3%
beside
39.2%
water
36.4%
glazed
32.2%
Remove Ads.
Support Sporcle.
Get the best of Sporcle when you Go Orange. This ad-free experience offers more features, more stats, and more fun while also helping to support Sporcle. Thank you for becoming a member.

You're not logged in!

Compare scores with friends on all Sporcle quizzes.
OR
Log In

Show Comments

Extras

Top Quizzes Today


Score Distribution

Your Account Isn't Verified!

In order to create a playlist on Sporcle, you need to verify the email address you used during registration. Go to your Sporcle Settings to finish the process.

Report this User

Report this user for behavior that violates our Community Guidelines.

Details: